Vocabulary Words Ending in I - Statistics

General Stats
  • This quiz has been taken 128 times
  • The average score is 16 of 26
Answer Stats
clue word % Correct
G spraypainted markings on public walls graffiti
94%
C culinary name for squid calamari
90%
O ___-Wan Kanobi, Luke Skywalker's mentor Obi
90%
P photographers who furtively snap celebritries paparazzi
90%
Y practitioner of yoga yogi
89%
H language whose script looks like this हिंदी Hindi
86%
W hot green paste often eaten with sushi wasabi
85%
J plural of jinn, a Muslim angel-like spririt jinni
78%
D rum-lemon-sugar cocktail daiquiri
76%
M the wise men who brought baby Jesus gifts Magi
75%
B republic in central Africa Burundi
74%
S used to slide over snow ski
73%
Z courgette zucchini
72%
E listlessness caused by boredom ennui
62%
X 14th letter of the Greek alphabet xi
57%
N edible seaweed used to wrap sushi nori
54%
A Afghanistan's currency afghani
52%
T kettledrums timpani
50%
K Japanese dance-drama theatre kabuki
49%
V thin spaghetti vermicelli
48%
Q apparently, but not really quasi
44%
U navels umbilici
33%
L Hawaiian island, just west of Maui Lanai
31%
F tropical tree with fragrant flowers frangipani
21%
R China's official currency renminbi
10%
I Incan sun god, on Argentina's flag Inti
6%
No matching quizzes found
Score Distribution
Percent of People with Each Score
Percentile by Number Answered
Your Score History
You have not taken this quiz